(STAR) Quiz Stats

Quiz not verified by Sporcle

Challenge
Share
Tweet
Embed
Score 0/20 Timer 10:00
0 Plays Today
Question Star? % Correct
A Button on A Games ControllerStart
87.3%
Use The ForceStar wars
82.5%
Spock, Klingon, Star Trek
79.4%
Patrick the?Starfish
57.1%
Fruit From Sri lanka, India, IndonesiaStar Fruit
57.1%
Coffee ShopStarbucks
52.4%
Condiment used mainly in Hot DogsMustard
50.8%
A Painting by Dutch post-impressionist artist Vincent van GoghStarry Night
41.3%
A Complex Carbohydrate found chiefly in seeds, fruits, tubersStarch
23.8%
Lady Gaga HitStar Struck
17.5%
Question Star? % Correct
Horoscope, ZodiacStar Signs
14.3%
Don Mclean HitStarry Starry Night
11.1%
WWE RVD Finshing MoveFive Star Frog Splash
11.1%
CelebritiesSuper Stars
11.1%
Movie Starring Robert DeniroStardust
9.5%
1994 Movie Starring Kurt RussellStargate
7.9%
A mixture of milk and eggs, sweetened, and baked or boiled.Custard
7.9%
1975 Tv ShowStarsky and Hutch
7.9%
From The BegginingRestart
6.3%
South Park CharacterStarvin Marvin
3.2%

You're not logged in!

Compare scores with friends on all Sporcle quizzes.
Join for Free
OR
Log In

You Might Also Like...

Show Comments

Extras

Created Jan 10, 2010ReportNominate
Tags:star

Top Quizzes Today


Score Distribution

Your Account Isn't Verified!

In order to create a playlist on Sporcle, you need to verify the email address you used during registration. Go to your Sporcle Settings to finish the process.

Report this User

Report this user for behavior that violates our Community Guidelines.

Details: